NOBEL ECONOMICS A HISTORICAL COMMENTARY (Record no. 12090)

MARC details
000 -LEADER
fixed length control field 00365nam a2200133Ia 4500
008 - FIXED-LENGTH DATA ELEMENTS--GENERAL INFORMATION
fixed length control field 240624s9999 xx 000 0 und d
041 ## - LANGUAGE CODE
Language code of text/sound track or separate title eng
082 ## - DEWEY DECIMAL CLASSIFICATION NUMBER
Classification number 330 BRA
100 ## - MAIN ENTRY--PERSONAL NAME
Personal name BRAHMANANDA P R
245 ## - TITLE STATEMENT
Title NOBEL ECONOMICS A HISTORICAL COMMENTARY
260 ## - PUBLICATION, DISTRIBUTION, ETC.
Date of publication, distribution, etc. 1999
Place of publication, distribution, etc. New Delhi
Name of publisher, distributor, etc. Himalaya Publishing House
300 ## - PHYSICAL DESCRIPTION
Extent xiv, : 424 : p. : cm. ; 25
365 ## - TRADE PRICE
Currency code RS
Price amount 25
Holdings
Withdrawn status Lost status Damaged status Not for loan Home library Current library Shelving location Date acquired Source of acquisition Cost, normal purchase price Total Holds Full call number Barcode Date last seen Copy number Price effective from Koha item type
        IMTN IMTN Rack 5-B 12/17/2008 HPHPL 950.00 32767 330 BRA 12090 06/24/2024 1 06/24/2024 Books
Designed & Maintained by: LRC IMT Nagpur Contact: lrc@imtnag.ac.in© 2024. All Rights Reserved.